Pays d'Océanie à l'aveugle - Statistiques

Statistiques générales
  • Ce quiz a été pris 113 fois
  • Le résultat moyen est 13 sur 14
Statistiques - réponses
Réponse % Correct
Australie
100%
Nouvelle-Zélande
98%
Fidji
94%
Vanuatu
94%
Papouasie-Nouvelle-Guinée
93%
Nauru
91%
Tonga
91%
Tuvalu
91%
Kiribati
90%
Samoa
90%
Palaos
89%
Salomon
89%
Micronésie
88%
Marshall
87%
Aucun quiz correspondant
Distribution des résultats
% des personnes avec chaque résultat
Percentile par nombre de réponses
Votre historique - résultats
Vous n’avez pas pris ce quiz